[Event "AUT-chT2W 2425"]
[Site "Austria"]
[Date "2024.09.29"]
[Round "3.5"]
[White "Natter, Markus"]
[Black "Akel, Alaa"]
[Result "1/2-1/2"]
[WhiteElo "1977"]
[BlackElo "1950"]
[PlyCount "87"]
[EventDate "2024.09.27"]
[EventType "team-tourn"]
[EventRounds "11"]
[EventCountry "AUT"]
[SourceTitle "EXT 2025"]
[Source "ChessBase"]
[SourceDate "2024.10.14"]
[SourceVersion "1"]
[SourceVersionDate "2024.10.14"]
[SourceQuality "1"]
[WhiteTeam "Goetzis"]
[BlackTeam "Bregenz"]
[WhiteTeamCountry "AUT"]
[BlackTeamCountry "AUT"]

1. Nc3 e5 2. Nf3 Nc6 3. d4 exd4 4. Nxd4 Bc5 5. Be3 Bb6 6. Nd5 Ba5+ 7. c3 Nge7 8. Bg5 f6 9. Nxe7 Qxe7 10. Bf4 Nxd4 11. Qxd4 Bb6 12. Qd5 Qf7 13. Qxf7+ Kxf7 14. e3 d6 15. Be2 Be6 16. Bf3 d5 17. h4 c6 18. g4 a5 19. a4 Bc5 20. Be2 Ke7 21. g5 Bf5 22. gxf6+ Kxf6 23. Rg1 Rhe8 24. Kd2 Re6 25. Bg4 Bxg4 26. Rxg4 Bd6 27. Rag1 g6 28. Bxd6 Rxd6 29. Rf4+ Kg7 30. b4 Rf6 31. Rxf6 Kxf6 32. Rg4 Kg7 33. h5 axb4 34. Rxb4 g5 35. Rxb7+ Kh6 36. Rb6 Rxa4 37. Rxc6+ Kxh5 38. f3 g4 39. fxg4+ Rxg4 40. Rc5 Rg5 41. c4 dxc4 42. Rxc4 Kg6 43. Ke2 Rh5 44. Kf3 1/2-1/2

[Event "AUT-chT2W 2425"]
[Site "Austria"]
[Date "2024.09.27"]
[Round "1.6"]
[White "Pribozic, Manuel"]
[Black "Akel, Alaa"]
[Result "1-0"]
[WhiteElo "1949"]
[BlackElo "1950"]
[PlyCount "103"]
[EventDate "2024.09.27"]
[EventType "team-tourn"]
[EventRounds "11"]
[EventCountry "AUT"]
[SourceTitle "EXT 2025"]
[Source "ChessBase"]
[SourceDate "2024.10.14"]
[SourceVersion "1"]
[SourceVersionDate "2024.10.14"]
[SourceQuality "1"]
[WhiteTeam "Dornbirn"]
[BlackTeam "Bregenz"]
[WhiteTeamCountry "AUT"]
[BlackTeamCountry "AUT"]

1. e4 e5 2. Nf3 Nc6 3. d4 exd4 4. Bc4 d6 5. Nxd4 Nf6 6. Nc3 Bg4 7. f3 Bd7 8. Nxc6 bxc6 9. Be3 Be7 10. Qd2 h6 11. Bb3 Nh7 12. 0-0-0 Bf6 13. f4 Bg4 14. Rde1 0-0 15. f5 d5 16. exd5 Bxf5 17. dxc6 Qc8 18. Nd5 Bd8 19. Rhf1 Be6 20. Kb1 a5 21. Nc3 Bxb3 22. cxb3 Ra6 23. Bc5 Bg5 24. Qf2 Rxc6 25. Bxf8 Qxf8 26. Qe2 Nf6 27. Ne4 Re6 28. Nxf6+ Bxf6 29. Qc4 Rxe1+ 30. Rxe1 Qd6 31. Qc2 g6 32. h3 h5 33. a4 c5 34. Re2 Kg7 35. Ka2 Bd4 36. Qc4 f5 37. Qb5 Qc7 38. Rc2 Qd8 39. Rd2 Kh6 40. Qxc5 Bxc5 41. Rxd8 Kg5 42. Rg8 Kf6 43. Kb1 g5 44. Kc2 g4 45. Kd3 Bd6 46. Ke2 Be5 47. Ra8 Bc7 48. Rc8 Be5 49. Rc5 h4 50. Rxa5 Bxb2 51. hxg4 fxg4 52. Rh5 1-0

[Event "AUT-chT2W 2324"]
[Site "Austria"]
[Date "2023.11.11"]
[Round "4.6"]
[White "Herrmann, Michael2"]
[Black "Akel, Alaa"]
[Result "1-0"]
[WhiteElo "2086"]
[BlackElo "1859"]
[PlyCount "147"]
[EventDate "2023.09.29"]
[EventType "team-tourn"]
[EventRounds "11"]
[EventCountry "AUT"]
[SourceTitle "EXT 2025"]
[Source "ChessBase"]
[SourceDate "2024.10.14"]
[SourceVersion "1"]
[SourceVersionDate "2024.10.14"]
[SourceQuality "1"]
[WhiteTeam "Salzburg ASK"]
[BlackTeam "Bregenz"]
[WhiteTeamCountry "AUT"]
[BlackTeamCountry "AUT"]

1. c4 e5 2. g3 Nf6 3. Bg2 Bc5 4. Nc3 Nc6 5. e3 d6 6. Nge2 Qe7 7. d3 0-0 8. 0-0 h6 9. b3 Bb6 10. Bb2 a6 11. Qd2 Bf5 12. Nd5 Nxd5 13. cxd5 Nb8 14. e4 Bg6 15. Kh1 f5 16. f3 Nd7 17. Rae1 fxe4 18. fxe4 Rxf1+ 19. Rxf1 Rf8 20. Ng1 Nf6 21. Qe2 Bh5 22. Bf3 Bxg1 23. Kxg1 Bxf3 24. Rxf3 Re8 25. Bc1 c6 26. dxc6 bxc6 27. Ba3 Qe6 28. Rf1 d5 29. Kg2 Rd8 30. Bc5 Nd7 31. Bb4 Qg6 32. Rf5 Re8 33. h3 Nf6 34. Kh2 Nd7 35. g4 Qe6 36. g5 g6 37. gxh6 Kh7 38. Rf2 Kxh6 39. Qe3+ Kg7 40. Qg5 Nf6 41. Rg2 Nh7 42. Qg3 Qf6 43. Bc3 Nf8 44. Rf2 Qe7 45. Bd2 d4 46. Bg5 Qc7 47. Qh4 Kg8 48. Bf6 Qh7 49. Qg3 Qh5 50. Qg4 Qxg4 51. hxg4 Nd7 52. Bg5 Kg7 53. Rc2 c5 54. Bc1 Kf7 55. Ba3 a5 56. Rc4 Rh8+ 57. Kg3 Rh1 58. Rc1 Rxc1 59. Bxc1 Ke7 60. Bd2 a4 61. bxa4 Nf8 62. a5 Ne6 63. a6 Nc7 64. a7 Kd7 65. Kh4 Kc6 66. Kg5 Kb7 67. Kxg6 Ne6 68. Kf5 Nf4 69. Bxf4 exf4 70. Kxf4 Kxa7 71. g5 Kb6 72. g6 c4 73. dxc4 Kc5 74. g7 1-0

[Event "AUT-chT2W 2324"]
[Site "Austria"]
[Date "2023.09.29"]
[Round "1.6"]
[White "Akel, Alaa"]
[Black "Kanonier, Clemens"]
[Result "1-0"]
[WhiteElo "1859"]
[BlackElo "2118"]
[PlyCount "61"]
[EventDate "2023.09.29"]
[EventType "team-tourn"]
[EventRounds "11"]
[EventCountry "AUT"]
[SourceTitle "CBM 216 Extra"]
[Source "ChessBase"]
[SourceDate "2023.11.30"]
[SourceVersion "1"]
[SourceVersionDate "2023.11.30"]
[SourceQuality "1"]
[WhiteTeam "Bregenz"]
[BlackTeam "Dornbirn"]
[WhiteTeamCountry "AUT"]
[BlackTeamCountry "AUT"]

1. d4 d5 2. Nf3 Nf6 3. Nc3 Bf5 4. Bf4 e6 5. a3 Ne4 6. Nxe4 dxe4 7. Ne5 g5 8. Bg3 h5 9. h4 g4 10. e3 f6 11. Nc4 Nc6 12. c3 a6 13. Qc2 Qd7 14. Nd2 Qh7 15. b4 Bd6 16. b5 Bxg3 17. bxc6 Bd6 18. cxb7 Rb8 19. Bxa6 g3 20. Bb5+ Kf7 21. Bc6 Rhg8 22. Nf1 gxf2+ 23. Qxf2 e5 24. d5 Ke7 25. Nd2 Bg4 26. 0-0 Qg6 27. Nxe4 Bh3 28. Qxf6+ Qxf6 29. Rxf6 Bxg2 30. Re6+ Kf8 31. Ng5 1-0